[Event "Hampshire Major"]
[Site "Eastleigh"]
[Date "2016.11.05"]
[Round "3"]
[White "Hudson, Jeremy"]
[Black "Foley, Phil"]
[Result "0-1"]
[WhiteElo "1600"]
[BlackElo "1784"]
[PlyCount "63"]
[EventDate "2016.11.04"]
[EventType "swiss"]
[EventRounds "6"]
[EventCountry "ENG"]
[SourceTitle "BritBase"]
[Source "John Saunders"]
[SourceDate "2016.11.11"]
[SourceVersion "1"]
[SourceVersionDate "2016.11.11"]
[SourceQuality "1"]

1. d4 e6 2. Bf4 Nf6 3. e3 c5 4. c3 d5 5. Nd2 Nc6 6. Ngf3 Be7 7. Bd3 Nh5 8. O-O Nxf4 9. exf4 cxd4 10. cxd4 Bf6 11. Ne5 Bd7 12. Ndf3 Qb6 13. Nxd7 Kxd7 14. Ne5+ Bxe5 15. dxe5 Qd4 16. g3 h5 17. Qb3 Qb4 18. Bb5 Qxb3 19. Bxc6+ bxc6 20. axb3 Rhb8 21. Ra3 Kc7 22. Rfa1 Rb7 23. Ra6 Rxb3 24. Rxa7+ Rxa7 25. Rxa7+ Rb7 26. Rxb7+ Kxb7 27. h4 Kb6 28. f3 Kc5 29. Kf2 Kb4 30. g4 g6 31. f5 exf5 32. gxf5 0-1

[Event "Hampshire Major"]
[Site "Eastleigh"]
[Date "2016.11.05"]
[Round "3"]
[White "Belinger, John"]
[Black "Smith, Chris"]
[Result "1/2-1/2"]
[WhiteElo "1624"]
[BlackElo "1664"]
[PlyCount "84"]
[EventDate "2016.11.04"]
[EventType "swiss"]
[EventRounds "6"]
[EventCountry "ENG"]
[SourceTitle "BritBase"]
[Source "John Saunders"]
[SourceDate "2016.11.11"]
[SourceVersion "1"]
[SourceVersionDate "2016.11.11"]
[SourceQuality "1"]

1. e4 e6 2. d4 d5 3. Nc3 Nf6 4. Bg5 Be7 5. e5 Nfd7 6. h4 a6 7. Qg4 Bxg5 8. hxg5 Nf8 9. Bd3 Ng6 10. Nf3 Nc6 11. O-O-O Bd7 12. Rh2 Nb4 13. Bxg6 fxg6 14. Rdh1 Qe7 15. Rxh7 Rxh7 16. Rxh7 O-O-O 17. Nh4 Qf7 18. Nf3 Rg8 19. a3 Nc6 20. Kb1 b6 21. Ne2 Kb7 22. Nf4 Re8 23. c3 Re7 24. Rh8 Qf5+ 25. Qxf5 gxf5 26. g6 Re8 27. Rh7 Rg8 28. Nh5 Ne7 29. Rxg7 Rxg7 30. Nxg7 Nxg6 31. Ng5 Nf8 32. Kc2 Kc8 33. Kd2 Kd8 34. Ke3 Ke7 35. Nh5 Ng6 36. g3 Be8 37. Nf6 Bc6 38. Ng8+ Kd7 39. Nf6+ Ke7 40. Kf3 Ba4 41. Ng8+ Kd7 42. Nf6+ Ke7 1/2-1/2

[Event "Hampshire Major"]
[Site "Eastleigh"]
[Date "2016.11.05"]
[Round "4"]
[White "Northcott, Paul"]
[Black "Stone, Mark"]
[Result "1-0"]
[WhiteElo "1712"]
[BlackElo "1688"]
[PlyCount "59"]
[EventDate "2016.11.04"]
[EventType "swiss"]
[EventRounds "6"]
[EventCountry "ENG"]
[SourceTitle "BritBase"]
[Source "John Saunders"]
[SourceDate "2016.11.11"]
[SourceVersion "1"]
[SourceVersionDate "2016.11.11"]
[SourceQuality "1"]

1. e4 d5 2. e5 Bf5 3. d4 e6 4. f4 c5 5. c3 Nc6 6. Nf3 Rc8 7. Bb5 Nge7 8. dxc5 Qa5 9. Nd4 a6 10. Bxc6+ bxc6 11. b4 Qc7 12. a4 Be4 13. Qe2 Qb7 14. Nd2 Bg6 15. g4 h5 16. g5 Nf5 17. N2b3 Nxd4 18. Nxd4 Be4 19. Rg1 g6 20. h4 Be7 21. Kf2 Kd7 22. Kg3 Ra8 23. Rd1 Rhb8 24. Nb3 a5 25. Nxa5 Qc7 26. Qxe4 Ke8 27. Qd4 Ra7 28. Bd2 Bd8 29. Be1 Qe7 30. Nxc6 1-0

[Event "Hampshire Major"]
[Site "Eastleigh"]
[Date "2016.11.05"]
[Round "4"]
[White "Smith, Chris"]
[Black "Syed, Ashraf"]
[Result "1-0"]
[WhiteElo "1664"]
[BlackElo "1664"]
[PlyCount "47"]
[EventDate "2016.11.04"]
[EventType "swiss"]
[EventRounds "6"]
[EventCountry "ENG"]
[SourceTitle "BritBase"]
[Source "John Saunders"]
[SourceDate "2016.11.11"]
[SourceVersion "1"]
[SourceVersionDate "2016.11.11"]
[SourceQuality "1"]

1. c4 e5 2. Nc3 Nf6 3. g3 g6 4. Bg2 Bg7 5. e3 O-O 6. Nge2 c5 7. d4 cxd4 8. exd4 exd4 9. Nxd4 Re8+ 10. Be3 Qc7 11. Ndb5 Qxc4 12. Nd6 Qb4 13. Nxe8 Nxe8 14. Qc2 Nc6 15. O-O d6 16. Rad1 Bf5 17. Qc1 Rc8 18. a3 Qc4 19. Bf4 Rd8 20. Rfe1 b6 21. Bxd6 Nxd6 22. Rxd6 Rxd6 23. Re8+ Bf8 24. Qh6 1-0

[Event "Hampshire Major"]
[Site "Eastleigh"]
[Date "2016.11.05"]
[Round "4"]
[White "Belinger, John"]
[Black "Hudson, Jeremy"]
[Result "1/2-1/2"]
[WhiteElo "1624"]
[BlackElo "1600"]
[PlyCount "55"]
[EventDate "2016.11.04"]
[EventType "swiss"]
[EventRounds "6"]
[EventCountry "ENG"]
[SourceTitle "BritBase"]
[Source "John Saunders"]
[SourceDate "2016.11.11"]
[SourceVersion "1"]
[SourceVersionDate "2016.11.11"]
[SourceQuality "1"]

1. e4 a6 2. d4 b5 3. Bd3 Bb7 4. Nf3 e6 5. O-O c5 6. c3 Nf6 7. Qe2 cxd4 8. cxd4 Nc6 9. e5 Nd5 10. Nc3 Ncb4 11. Be4 Nxc3 12. bxc3 Bxe4 13. Qxe4 Nd5 14. Bb2 Nb6 15. Rac1 Nc4 16. Rc2 d5 17. exd6 Bxd6 18. Qc6+ Ke7 19. Ba1 Re8 20. Nd2 Na5 21. Qf3 Kf8 22. Ne4 Nc4 23. Qd3 Rc8 24. Nxd6 Qxd6 25. Qxh7 Ke7 26. Qh4+ Kd7 27. Qe4 Rh8 28. g3 1/2-1/2

[Event "Hampshire Major"]
[Site "Eastleigh"]
[Date "2016.11.06"]
[Round "5"]
[White "Moore, Gillian A"]
[Black "Coburn, Joe"]
[Result "0-1"]
[WhiteElo "1672"]
[BlackElo "1768"]
[PlyCount "128"]
[EventDate "2016.11.04"]
[EventType "swiss"]
[EventRounds "6"]
[EventCountry "ENG"]
[SourceTitle "BritBase"]
[Source "John Saunders"]
[SourceDate "2016.11.11"]
[SourceVersion "1"]
[SourceVersionDate "2016.11.11"]
[SourceQuality "1"]

1. d4 d6 2. Nc3 Nf6 3. e4 Nbd7 4. f4 e5 5. Nf3 exd4 6. Nxd4 Nc5 7. Bd3 Nxd3+ 8. Qxd3 Be7 9. O-O O-O 10. b3 Re8 11. Bb2 Bf8 12. Rae1 c6 13. Kh1 Qc7 14. Nf3 Bg4 15. Nd1 Nh5 16. Nh4 Qe7 17. g3 Rad8 18. Nf2 Bc8 19. c4 Nxf4 20. Qe3 Nh3 21. Qxa7 d5 22. cxd5 Nxf2+ 23. Qxf2 Bh3 24. Ng2 cxd5 25. exd5 Qd7 26. Rxe8 Rxe8 27. Qf3 Bg4 28. Qc3 Qxd5 29. Qd4 Qxd4 30. Bxd4 Re2 31. Ne3 Bh3 32. Ra1 g6 33. Nc4 Bg7 34. Bxg7 Kxg7 35. a4 Rc2 36. Rb1 Be6 37. Rb2 Rc1+ 38. Kg2 Bxc4 39. bxc4 Rxc4 40. Rxb7 Rxa4 41. Rb2 h5 42. Rf2 g5 43. Rc2 Kg6 44. Rc6+ f6 45. Rc8 Ra2+ 46. Kg1 Kf5 47. h3 g4 48. h4 Ra5 49. Rc4 Ke5 50. Kf2 f5 51. Rb4 Ra7 52. Ke3 Ra3+ 53. Kf2 Rf3+ 54. Kg2 f4 55. Rb5+ Ke4 56. gxf4 Kxf4 57. Rxh5 Ra3 58. Rh8 Ra2+ 59. Kg1 Kg3 60. Kf1 Kh2 61. h5 g3 62. Rg8 g2+ 63. Rxg2+ Rxg2 64. h6 Rg8 0-1

[Event "Hampshire Major"]
[Site "Eastleigh"]
[Date "2016.11.06"]
[Round "5"]
[White "Foley, Phil"]
[Black "Northcott, Paul"]
[Result "0-1"]
[WhiteElo "1784"]
[BlackElo "1712"]
[PlyCount "78"]
[EventDate "2016.11.04"]
[EventType "swiss"]
[EventRounds "6"]
[EventCountry "ENG"]
[SourceTitle "BritBase"]
[Source "John Saunders"]
[SourceDate "2016.11.11"]
[SourceVersion "1"]
[SourceVersionDate "2016.11.11"]
[SourceQuality "1"]

1. e4 g6 2. d4 Bg7 3. Nc3 c5 4. Nf3 Qa5 5. Be3 Nc6 6. Bb5 e6 7. O-O cxd4 8. Nxd4 Nge7 9. Qd2 O-O 10. a3 a6 11. Be2 f5 12. b4 Qc7 13. Nxc6 Nxc6 14. Rab1 Nxb4 15. axb4 Qxc3 16. Qxc3 Bxc3 17. Bc5 Rf7 18. Rb3 Bg7 19. exf5 Rxf5 20. Bf3 d5 21. g4 Rf7 22. Re1 Bd7 23. Kg2 Re8 24. Rbe3 d4 25. Ra3 Bb5 26. Rd1 Rd7 27. Be4 Be2 28. Re1 Bc4 29. Bd3 Bd5+ 30. Be4 Bxe4+ 31. Rxe4 e5 32. Rd3 Red8 33. h4 Rd5 34. g5 a5 35. Bb6 R8d6 36. bxa5 Rc6 37. Rd2 Rc3 38. f3 Kf7 39. Kf2 Rb5 {... White's Flag fell (0-1, Time).} 0-1

[Event "Hampshire Major"]
[Site "Eastleigh"]
[Date "2016.11.06"]
[Round "5"]
[White "Agostinelli, Dave"]
[Black "Stone, Mark"]
[Result "1/2-1/2"]
[WhiteElo "1656"]
[BlackElo "1688"]
[PlyCount "104"]
[EventDate "2016.11.04"]
[EventType "swiss"]
[EventRounds "6"]
[EventCountry "ENG"]
[SourceTitle "BritBase"]
[Source "John Saunders"]
[SourceDate "2016.11.11"]
[SourceVersion "1"]
[SourceVersionDate "2016.11.11"]
[SourceQuality "1"]

1. c4 e5 2. g3 Nf6 3. Bg2 d5 4. cxd5 Nxd5 5. Nc3 Nb6 6. Nf3 Nc6 7. O-O Be7 8. d3 Be6 9. Be3 O-O 10. d4 exd4 11. Nxd4 Nxd4 12. Qxd4 Qxd4 13. Bxd4 c6 14. Bxb6 axb6 15. Rfd1 Rfd8 16. a3 Bb3 17. Rxd8+ Rxd8 18. Kf1 Rd2 19. Rb1 b5 20. Ke1 Rd8 21. Be4 b4 22. axb4 Bxb4 23. Bd3 c5 24. Rc1 g6 25. Bc2 Bc4 26. Rd1 Rxd1+ 27. Kxd1 f5 28. Bd3 Bxd3 29. exd3 Kf7 30. Nd5 Ba5 31. Ke2 Ke6 32. Ne3 b5 33. f4 Bb6 34. Nc2 h6 35. b3 Kd5 36. h3 Bc7 37. Kf3 g5 38. fxg5 hxg5 39. h4 gxh4 40. gxh4 b4 41. h5 Be5 42. h6 Ke6 43. Ne3 Kf6 44. h7 Kg6 45. h8=Q Bxh8 46. Kf4 Kf6 47. Nxf5 Ke6 48. Ke4 Ba1 49. Ne3 Kd6 50. Kf5 Bg7 51. Nc4+ Kd5 52. Nd2 Bc3 1/2-1/2

[Event "Hampshire Major"]
[Site "Eastleigh"]
[Date "2016.11.06"]
[Round "5"]
[White "Hudson, Jeremy"]
[Black "Hurn, Paul"]
[Result "1/2-1/2"]
[WhiteElo "1600"]
[BlackElo "1680"]
[PlyCount "45"]
[EventDate "2016.11.04"]
[EventType "swiss"]
[EventRounds "6"]
[EventCountry "ENG"]
[SourceTitle "BritBase"]
[Source "John Saunders"]
[SourceDate "2016.11.11"]
[SourceVersion "1"]
[SourceVersionDate "2016.11.11"]
[SourceQuality "1"]

1. Nf3 Nf6 2. d4 d5 3. c4 e6 4. Nc3 Nbd7 5. Qc2 Be7 6. e3 h6 7. Bd3 dxc4 8. Bxc4 O-O 9. O-O c5 10. e4 Nb6 11. Ne2 Nxc4 12. Qxc4 Nxe4 13. Qc2 f5 14. Rd1 Qa5 15. Ne5 Rd8 16. Be3 cxd4 17. Nc4 Qc7 18. Nxd4 Bd7 19. Rac1 Rac8 20. Qe2 b5 21. f3 Nf6 22. Na3 Qb7 23. Ndxb5 1/2-1/2

[Event "Hampshire Major"]
[Site "Eastleigh"]
[Date "2016.11.06"]
[Round "5"]
[White "Syed, Ashraf"]
[Black "Belinger, John"]
[Result "1/2-1/2"]
[WhiteElo "1664"]
[BlackElo "1624"]
[PlyCount "68"]
[EventDate "2016.11.04"]
[EventType "swiss"]
[EventRounds "6"]
[EventCountry "ENG"]
[SourceTitle "BritBase"]
[Source "John Saunders"]
[SourceDate "2016.11.11"]
[SourceVersion "1"]
[SourceVersionDate "2016.11.11"]
[SourceQuality "1"]

1. d4 Nf6 2. Nf3 g6 3. Bf4 Bg7 4. e3 d5 5. h3 O-O 6. Bd3 c5 7. c3 cxd4 8. cxd4 Nc6 9. a3 Bd7 10. O-O Rc8 11. Nbd2 Nh5 12. Bh2 Be6 13. Rc1 f5 14. Ng5 Bf7 15. Nxf7 Rxf7 16. Nf3 Rf8 17. Qb3 Qd7 18. Bb5 Nf6 19. Ne5 Qe6 20. Bxc6 bxc6 21. Qa4 c5 22. Qxa7 c4 23. Rc2 Ne4 24. Qd7 Qxd7 25. Nxd7 Rfd8 26. Ne5 Bxe5 27. Bxe5 Ra8 28. f3 Ng5 29. Rfc1 Rd7 30. Rc3 Rb7 31. R1c2 Nf7 32. Re2 Nxe5 33. dxe5 Rab8 34. Rcc2 Rb3 1/2-1/2

[Event "Hampshire Major"]
[Site "Eastleigh"]
[Date "2016.11.06"]
[Round "6"]
[White "Coburn, Joe"]
[Black "Northcott, Paul"]
[Result "1-0"]
[WhiteElo "1768"]
[BlackElo "1712"]
[PlyCount "55"]
[EventDate "2016.11.04"]
[EventType "swiss"]
[EventRounds "6"]
[EventCountry "ENG"]
[SourceTitle "BritBase"]
[Source "John Saunders"]
[SourceDate "2016.11.11"]
[SourceVersion "1"]
[SourceVersionDate "2016.11.11"]
[SourceQuality "1"]

1. d4 Nf6 2. Nf3 e6 3. g3 d5 4. Bg2 c5 5. c3 Nc6 6. O-O Be7 7. Nbd2 O-O 8. Re1 Ne4 9. Nxe4 dxe4 10. Ne5 f5 11. Nxc6 bxc6 12. Qa4 Qb6 13. Bf4 Ba6 14. Qb3 c4 15. Qxb6 axb6 16. f3 e3 17. Bxe3 Bb7 18. Bf4 g5 19. Bc7 b5 20. e4 f4 21. gxf4 gxf4 22. Bh3 Bc8 23. Kh1 h5 24. Rg1+ Kh7 25. Be5 Bd7 26. Rg7+ Kh6 27. Rxe7 Rfd8 28. Rg1 1-0

[Event "Hampshire Major"]
[Site "Eastleigh"]
[Date "2016.11.06"]
[Round "6"]
[White "Smith, Chris"]
[Black "Moore, Gillian A"]
[Result "0-1"]
[WhiteElo "1664"]
[BlackElo "1672"]
[PlyCount "30"]
[EventDate "2016.11.04"]
[EventType "swiss"]
[EventRounds "6"]
[EventCountry "ENG"]
[SourceTitle "BritBase"]
[Source "John Saunders"]
[SourceDate "2016.11.11"]
[SourceVersion "1"]
[SourceVersionDate "2016.11.11"]
[SourceQuality "1"]

1. c4 e5 2. Nc3 Nf6 3. g3 c6 4. Bg2 d5 5. cxd5 cxd5 6. Qb3 Nc6 7. Nxd5 Nd4 8. Nxf6+ gxf6 9. Qc3 Bb4 10. Qd3 Qc7 11. e3 Nc2+ 12. Ke2 Nxa1 13. Qb5+ Bd7 14. Qxb4 Rc8 15. Qc3 Qb6 0-1

[Event "Hampshire Major"]
[Site "Eastleigh"]
[Date "2016.11.06"]
[Round "6"]
[White "Agostinelli, Dave"]
[Black "Foley, Phil"]
[Result "0-1"]
[WhiteElo "1656"]
[BlackElo "1784"]
[PlyCount "60"]
[EventDate "2016.11.04"]
[EventType "swiss"]
[EventRounds "6"]
[EventCountry "ENG"]
[SourceTitle "BritBase"]
[Source "John Saunders"]
[SourceDate "2016.11.11"]
[SourceVersion "1"]
[SourceVersionDate "2016.11.11"]
[SourceQuality "1"]

1. c4 e5 2. g3 d6 3. Bg2 f5 4. d4 e4 5. Nc3 Nf6 6. Bg5 Be7 7. Nh3 Nbd7 8. Nf4 Nb6 9. d5 h6 10. Ng6 Rg8 11. Bh4 Kf7 12. Bxf6 Bxf6 13. Nf4 Nxc4 14. Ne6 Bxc3+ 15. bxc3 Qe7 16. e3 Bxe6 17. Qh5+ g6 18. dxe6+ Kg7 19. Qe2 Qxe6 20. O-O a6 21. h4 Ne5 22. Qb2 b5 23. f3 Nc4 24. Qe2 d5 25. fxe4 dxe4 26. Qf2 Rgd8 27. Qf4 Qe5 28. Rfd1 Qxf4 29. exf4 Ne3 30. Rxd8 Rxd8 0-1

[Event "Hampshire Major"]
[Site "Eastleigh"]
[Date "2016.11.06"]
[Round "6"]
[White "Hurn, Paul"]
[Black "Belinger, John"]
[Result "1-0"]
[WhiteElo "1680"]
[BlackElo "1624"]
[PlyCount "61"]
[EventDate "2016.11.04"]
[EventType "swiss"]
[EventRounds "6"]
[EventCountry "ENG"]
[SourceTitle "BritBase"]
[Source "John Saunders"]
[SourceDate "2016.11.11"]
[SourceVersion "1"]
[SourceVersionDate "2016.11.11"]
[SourceQuality "1"]

1. e4 e5 2. Nf3 Nc6 3. d4 exd4 4. Nxd4 Bc5 5. Be3 Qf6 6. c3 Nge7 7. Be2 O-O 8. Nc2 Bxe3 9. Nxe3 d6 10. O-O Be6 11. f4 g6 12. Bd3 Qh4 13. f5 Bd7 14. Nd2 Ne5 15. Nf3 Qh6 16. Qe2 Nxd3 17. Qxd3 f6 18. Rae1 Rac8 19. Nd4 Qg7 20. Rf3 Nc6 21. fxg6 hxg6 22. Nxc6 Bxc6 23. Rg3 Qf7 24. Nf5 Qe6 25. Rxg6+ Kf7 26. Qg3 Qc4 27. Rg7+ Ke8 28. Qg4 Rb8 29. Rxc7 a6 30. Qg7 Qe6 31. Re7+ 1-0

[Event "Hampshire Major"]
[Site "Eastleigh"]
[Date "2016.11.06"]
[Round "6"]
[White "Syed, Ashraf"]
[Black "Hudson, Jeremy"]
[Result "1/2-1/2"]
[WhiteElo "1664"]
[BlackElo "1600"]
[PlyCount "48"]
[EventDate "2016.11.04"]
[EventType "swiss"]
[EventRounds "6"]
[EventCountry "ENG"]
[SourceTitle "BritBase"]
[Source "John Saunders"]
[SourceDate "2016.11.11"]
[SourceVersion "1"]
[SourceVersionDate "2016.11.11"]
[SourceQuality "1"]

1. Nf3 Nf6 2. d4 d5 3. Bf4 e6 4. h3 c5 5. e3 Nc6 6. Bb5 Bd7 7. O-O a6 8. Bxc6 Bxc6 9. Nbd2 c4 10. c3 b5 11. b3 Bd6 12. Ne5 Qc7 13. Qf3 O-O 14. Rfe1 Nd7 15. Qg3 Nxe5 16. dxe5 Ba3 17. Rab1 Kh8 18. Nf3 Be7 19. Nd4 a5 20. Rec1 Rfc8 21. bxc4 bxc4 22. Qf3 Ba3 23. Re1 Rab8 24. Bg3 Be8 1/2-1/2